7 países aleatorios en el mapa mundial en 15 segundos - Estadísticas

Estadísticas generales
  • Esta prueba ha sido intentada 300 veces
  • La puntuación promedio es 5 de 7
Respuestas en el mapa
Las respuestas están codificadas por una escala verde-roja en el mapa de la prueba según el % correcto abajo.
 
Estadísticas de respuestas
país % Correcto
Arabia Saudita
100%
Argentina
100%
Australia
100%
Bahamas
100%
Benín
100%
Bolivia
100%
Bosnia y Herzegovina
100%
Brasil
100%
Burkina Faso
100%
Camerún
100%
Canadá
100%
Catar
100%
Chad
100%
Chequia
100%
Chile
100%
China
100%
Congo
100%
Corea del Norte
100%
Corea del Sur
100%
Costa Rica
100%
Croacia
100%
Cuba
100%
Dinamarca
100%
Dominica
100%
Ecuador
100%
Egipto
100%
El Salvador
100%
España
100%
Etiopía
100%
Filipinas
100%
Francia
100%
Gambia
100%
Georgia
100%
Ghana
100%
Grecia
100%
Guatemala
100%
Guinea
100%
Irán
100%
Islandia
100%
Jamaica
100%
Kenia
100%
Kirguistán
100%
Laos
100%
Lesoto
100%
Letonia
100%
Luxemburgo
100%
Madagascar
100%
Malaui
100%
Malí
100%
México
100%
Moldavia
100%
Mónaco
100%
Mongolia
100%
Mozambique
100%
Myanmar
100%
Níger
100%
Pakistán
100%
Panamá
100%
Paraguay
100%
Perú
100%
Polonia
100%
Portugal
100%
Reino Unido
100%
República Centroafricana
100%
República Dominicana
100%
Rumania
100%
Rusia
100%
Serbia
100%
Sierra Leona
100%
Siria
100%
Sudáfrica
100%
Suecia
100%
Surinam
100%
Timor-Leste
100%
Túnez
100%
Turquía
100%
Uganda
100%
Uzbekistán
100%
Yemen
100%
Guyana
83%
Japón
80%
Noruega
80%
Camboya
75%
India
75%
Rep Dem Congo
75%
Venezuela
75%
Afganistán
67%
Austria
67%
Finlandia
67%
Honduras
67%
Israel
67%
Kazajistán
67%
Líbano
67%
Marruecos
67%
Namibia
67%
Tanzania
67%
Turkmenistán
67%
Uruguay
67%
Zambia
67%
Eritrea
60%
Albania
50%
Argelia
50%
Armenia
50%
Azerbaiyán
50%
Bangladés
50%
Baréin
50%
Bielorrusia
50%
Bulgaria
50%
Estonia
50%
Gabón
50%
Haití
50%
Liberia
50%
Libia
50%
Lituania
50%
Malasia
50%
Maldivas
50%
Nicaragua
50%
Nigeria
50%
San Marino
50%
Santo Tomé y Príncipe
50%
Seychelles
50%
Sudán
50%
Taiwán
50%
Zimbabue
50%
Mauricio
40%
Eslovaquia
33%
Irak
33%
Kiribati
33%
Micronesia
33%
Omán
33%
Guinea Ecuatorial
25%
Nepal
25%
Sudán del Sur
25%
Alemania
0%
Andorra
0%
Angola
0%
Antigua y Barbuda
0%
Barbados
0%
Bélgica
0%
Belice
0%
Botsuana
0%
Brunéi
0%
Burundi
0%
Bután
0%
Cabo Verde
0%
Chipre
0%
Ciudad del Vaticano
0%
Colombia
0%
Comoras
0%
Côte d'Ivoire
0%
Emiratos Árabes Unidos
0%
Eslovenia
0%
Estados Unidos
0%
Fiyi
0%
Granada
0%
Guinea-Bissau
0%
Hungría
0%
Indonesia
0%
Irlanda
0%
Islas Marshall
0%
Islas Salomón
0%
Italia
0%
Jordania
0%
Kosovo
0%
Kuwait
0%
Liechtenstein
0%
Macedonia del Norte
0%
Malta
0%
Mauritania
0%
Montenegro
0%
Nauru
0%
Nueva Zelanda
0%
Países Bajos
0%
Palaos
0%
Papua Nueva Guinea
0%
Ruanda
0%
Samoa
0%
San Cristóbal y Nieves
0%
Santa Lucía
0%
San Vicente y las Granadinas
0%
Senegal
0%
Singapur
0%
Somalia
0%
Sri Lanka
0%
Suazilandia
0%
Suiza
0%
Tailandia
0%
Tayikistán
0%
Togo
0%
Tonga
0%
Trinidad y Tobago
0%
Tuvalu
0%
Ucrania
0%
Vanuatu
0%
Vietnam
0%
Yibuti
0%
No se encontraron pruebas coincidentes
Distribución de puntuación
Porcentaje de gente con cada puntuación
Porcentaje por número respondido
Historial de tus puntuaciones
No has intentado esta prueba.